000 00504nam a2200181Ia 4500
005 20250508154957.0
008 008 250505s9999 xx 000 0 eng d
037 _aTextual
040 _aFEDL
_beng
_cFEDL
041 _aeng
_2eng
084 _a420.7, ETH
_qFEDL
100 _aEtherton A R B
245 0 _aObjective english tests : for secondary
260 _aLondon, UK
_bLongmans, Green and Co.
_c1968
300 _a119p.
942 _cTEXL
_h420.7, ETH
999 _c1353234
_d1353234